01457nam a2200265 a 450000100100000000500170001000800410002704000250006808200200009310000500011324500690016326000610023230000200029359000260031365000280033965000310036791000400039895201330043895201180057195201240068995201180081395201240093195201190105599900170117400001226020240412074230.0091110s2009 dr 000 p spa d aDO-SdBNPbspacBNPHU aRD861.44bL318c1 aLaracuente de Ceballo, Carmen Milagros92890610aComo una flor un poema /cCarmen Milagros Laracuente de Ceballo. aLa Romana, República Dominicana :bCañaveral,c2009. a78 p. ;c19 cm. aInventariado, 2018/LP 0aPoesía dominicana966 0aLiteratura dominicana.967 aValidado. Control de calidad BNPHU. 001054708DSaGRbGRcHDd2009-11-10iLF1l0oRD861.44 L318cp12260-30r2020-06-25te. 3w2020-06-25yLFDSZPréstamo en sala 0010718PDaPDbPDcHDd2009-11-10iLF1l0oRD861.44 L318cp12260-10r2020-06-25w2020-06-25yLFPDZNo se presta 0010718PDaPDbPDcHDd2009-11-10iLF1l0oRD861.44 L318cp12260-20r2020-06-25te. 2w2020-06-25yLFPDZNo se presta 0010718PDaPDbPDcCTd2009-11-10iLF1l0oRD861.44 L318cp12261-10r2020-06-25w2020-06-25yLFPDZNo se presta 0010718PDaPDbPDcCTd2010-09-03iLF1l0oRD861.44 L318cp12261-20r2020-06-25te. 2w2020-06-25yLFPDZNo se presta 00107-18PDaPDbPDcOId2009-11-10iLF1l0oRD861.44 L318cp12262-10r2020-06-25w2020-06-25yLFPDZNo se presta c11918d11918